000
00302nam a22001457a 4500
003
OSt
005
20210927194841.0
008
210927b |||||||| |||| 00| 0 eng d
040
_c
HU
082
_a
330
100
_a
David Begg
_9
7409
245
_a
Economics
300
_a
xix674
942
_2
ddc
_c
BOOKS
_n
0
999
_c
7010
_d
7010